Music Quiz

Random Music or Song Quiz
Score 0/25 Timer 03:00
0 Plays Today
% Correct
Spice Girls
89.2%
Spice Girls
85.3%
Destiny's Child
83.6%
Destiny's Child
81.5%
Dixie Chicks
81.5%
TLC
80.6%
TLC
79.8%
Destiny's Child
79.1%
Destiny's Child
78.6%
The Supremes
75%
Dixie Chicks
71.7%
The Supremes
70.4%
Destiny's Child
66.8%
% Correct
TLC
66.5%
Spice Girls
63.9%
Dixie Chicks
58.8%
The Supremes
58.1%
Dixie Chicks
54.5%
TLC
54%
The Supremes
53.7%
Dixie Chicks
53.1%
The Supremes
46.9%
Spice Girls
39.5%
Spice Girls
36.3%
TLC
35.3%
Remove Ads.
Support Sporcle.
Get the best of Sporcle when you Go Orange. This ad-free experience offers more features, more stats, and more fun while also helping to support Sporcle. Thank you for becoming a member.

You're not logged in!

Compare scores with friends on all Sporcle quizzes.
OR
Log In

Show Comments

Extras

Top Quizzes Today


Score Distribution

Your Account Isn't Verified!

In order to create a playlist on Sporcle, you need to verify the email address you used during registration. Go to your Sporcle Settings to finish the process.

Report this User

Report this user for behavior that violates our Community Guidelines.

Details: